Nomme les animaux de Minecraft (Partie 1) - Statistiques

Statistiques générales
  • Ce quiz a été pris 61 fois
  • Le résultat moyen est 22 sur 28
Statistiques - réponses
Par images Réponse % Correct
Cochon
100%
Abeille
98%
Chat
96%
Cheval
96%
Loup
96%
Panda
96%
Perroquet
96%
Poule
96%
Chien
94%
Grenouille
94%
Lama
94%
Mouton
94%
Vache
94%
Âne
91%
Dromadaire
83%
Renard
83%
Tortue
83%
Axolotl
77%
Chèvre
77%
Saumon
77%
Champimeuh
64%
Tétard
64%
Mule
62%
Tatou
62%
Ocelot
55%
Renard Blanc
45%
Poisson Tropical
36%
Morue
28%
Aucun quiz correspondant
Distribution des résultats
% des personnes avec chaque résultat
Percentile par nombre de réponses
Votre historique - résultats
Vous n’avez pas pris ce quiz